000 00575nam a2200217 a 4500
001 0001-2212
003 ELIB.Books
008 190803 2010 eng
020 _a0028641701
092 _a293.3
_bGac
100 _aGach, Gary.
245 _athe Complete Idiot's Guide to Understanding Buddhism
260 _aA Pearson Education Company
_bALPHA
_c2002
300 _a409
_c23cm
650 _aBuddhism
856 _nKBTS Library
_uKBTS Elib
942 _2ddc
_cBK
990 _a1
998 _aEnglishbooks.elf
_ccat
_e2019-08-03
999 _c12212
_d12212